Statistics for Answers Contain Union Quiz

Click here to take the quiz!

General Stats

  • This quiz has been taken 54 times
  • The average score is 8 of 17

Answer Stats

HintAnswer% Correct
Lost the Cold WarSoviet Union
96%
Name of the British flagUnion Jack
96%
Sport of New Zealand's All BlacksRugby Union
81%
Annual message delivered
by POTUS
State of the
Union
73%
French island east of MadagascarRéunion
58%
Maastricht Treaty established it in 1992European Union
56%
They wore blue in the
American Civil War
Union Army
54%
Headquartered in Addis AbabaAfrican Union
50%
Solidarity, Teamsters, etc.Trade Union
50%
USA's 2nd largest railroad companyUnion Pacific
48%
Union Spain and Portugal
created in 1580
Iberian Union
40%
Provides recognition for
same-sex couples in law
Civil Union
38%
George Washington statue locale
in New York
Union Square
35%
New Jersey city west of ManhattanUnion City
29%
Union between Sweden, Denmark
and Norway, 1397–1523
Kalmar Union
21%
Type of union two states are in when
having one monarch
Personal Union
6%
Type of Indian subdivisionUnion Territory
4%

Score Distribution

Percentile by Number Answered

Percent of People with Each Score

Your Score History

You have not taken this quiz